[Event "Mecklenburg VP Verbandsliga 1920"]
[Site "Mecklenburg VP"]
[Date "2019.10.20"]
[Round "2.7"]
[White "Ramp, Oliver"]
[Black "Piske, Thomas"]
[Result "0-1"]
[WhiteElo "1937"]
[BlackElo "1944"]
[PlyCount "44"]
[EventDate "2019.09.29"]
[EventType "team-tourn"]
[EventRounds "9"]
[EventCountry "GER"]
[SourceTitle "EXT 2023"]
[Source "ChessBase"]
[SourceDate "2022.10.05"]
[SourceVersion "1"]
[SourceVersionDate "2022.10.05"]
[SourceQuality "1"]
[WhiteTeam "Guestrow/Teterow"]
[BlackTeam "Grevesmuehlen Blau Weiss"]
[WhiteTeamCountry "GER"]
[BlackTeamCountry "GER"]

1. e4 d6 2. d4 Nf6 3. Nc3 g6 4. f3 Bg7 5. Be3 0-0 6. Qd2 c6 7. Bh6 Qa5 8. Bd3 Qb6 9. Nge2 Qxb2 10. Rb1 Qa3 11. h4 e5 12. h5 b5 13. hxg6 fxg6 14. Bxg7 Kxg7 15. Bxb5 cxb5 16. Nxb5 Qxa2 17. Nec3 Qa5 18. Qh6+ Kg8 19. Ke2 Ba6 20. Nd5 Bxb5+ 21. Kd1 Nbd7 22. g4 Rf7 0-1

[Event "Oberliga Nord O 1617"]
[Site "Germany"]
[Date "2017.04.23"]
[Round "8.8"]
[White "Neumann, Pierre"]
[Black "Ramp, Oliver"]
[Result "1/2-1/2"]
[WhiteElo "1929"]
[BlackElo "1921"]
[PlyCount "27"]
[EventDate "2016.10.16"]
[EventType "team-tourn"]
[EventRounds "9"]
[EventCountry "GER"]
[SourceTitle "EXT 2018"]
[Source "ChessBase"]
[SourceDate "2017.10.13"]
[SourceVersion "1"]
[SourceVersionDate "2017.10.13"]
[SourceQuality "1"]
[WhiteTeam "Neuruppin"]
[BlackTeam "Guestrow/Teterow"]
[WhiteTeamCountry "GER"]
[BlackTeamCountry "GER"]

1. d4 d5 2. Nf3 e6 3. e3 Nf6 4. Bd3 b6 5. 0-0 Bd6 6. Nbd2 0-0 7. e4 dxe4 8. Nxe4 Be7 9. Ne5 Bb7 10. Qf3 Bxe4 11. Bxe4 Nxe4 12. Qxe4 Qd5 13. Qxd5 exd5 14. Re1 1/2-1/2

[Event "Oberliga Nord O 1617"]
[Site "Germany"]
[Date "2017.01.15"]
[Round "4.8"]
[White "Ramp, Oliver"]
[Black "Silz, Elisa"]
[Result "1-0"]
[WhiteElo "1921"]
[BlackElo "2015"]
[PlyCount "99"]
[EventDate "2016.10.16"]
[EventType "team-tourn"]
[EventRounds "9"]
[EventCountry "GER"]
[SourceTitle "EXT 2018"]
[Source "ChessBase"]
[SourceDate "2017.10.13"]
[SourceVersion "1"]
[SourceVersionDate "2017.10.13"]
[SourceQuality "1"]
[WhiteTeam "Guestrow/Teterow"]
[BlackTeam "Berlin Empor"]
[WhiteTeamCountry "GER"]
[BlackTeamCountry "GER"]

1. e4 c5 2. Nf3 d6 3. Bb5+ Bd7 4. Bxd7+ Qxd7 5. c4 g6 6. Nc3 Bg7 7. d4 cxd4 8. Nxd4 Nf6 9. f3 Nc6 10. Be3 Rc8 11. b3 0-0 12. Rc1 Rfd8 13. 0-0 Ne8 14. Qd2 Nc7 15. Nxc6 bxc6 16. Bxa7 c5 17. Bb6 Rb8 18. Bxc7 Qxc7 19. Nb5 Qd7 20. a4 h5 21. Rfd1 h4 22. Rc2 Qe6 23. a5 Qc8 24. Ra2 Ra8 25. Ra4 Ra6 26. Qg5 Bf6 27. Qd2 Kh7 28. h3 e6 29. Qf4 Kg7 30. Rxd6 Bd4+ 31. Kf1 Rdxd6 32. Nxd6 Qd7 33. e5 Bxe5 34. Qxe5+ f6 35. Ne8+ Qxe8 36. Qxc5 Qd8 37. Ke2 Rd6 38. Qe3 Rd1 39. a6 Rb1 40. Qd2 Qb8 41. Ra2 Rxb3 42. a7 Qe5+ 43. Kd1 Rb1+ 44. Kc2 Qf5+ 45. Qd3 Rc1+ 46. Kxc1 Qxd3 47. a8Q Qc3+ 48. Rc2 Qe1+ 49. Kb2 Qb4+ 50. Ka2 1-0

[Event "Mecklenburg VP VL 1516"]
[Site "Mecklenburg VP"]
[Date "2016.01.17"]
[Round "5.7"]
[White "Ramp, Oliver"]
[Black "Boecking, Uwe"]
[Result "1-0"]
[WhiteElo "1791"]
[BlackElo "1738"]
[PlyCount "67"]
[EventDate "2015.09.20"]
[EventType "team-tourn"]
[EventRounds "9"]
[EventCountry "GER"]
[SourceTitle "EXT 2022"]
[Source "ChessBase"]
[SourceDate "2021.10.06"]
[SourceVersion "1"]
[SourceVersionDate "2021.10.06"]
[SourceQuality "1"]
[WhiteTeam "Guestrow/Teterow"]
[BlackTeam "Warnemuende SF Ostsee"]
[WhiteTeamCountry "GER"]
[BlackTeamCountry "GER"]

1. e4 c5 2. Nf3 Nc6 3. Bb5 e6 4. Bxc6 bxc6 5. e5 Ne7 6. 0-0 Ng6 7. Nc3 Be7 8. b3 0-0 9. Ba3 Qa5 10. Na4 Ba6 11. c4 f6 12. d4 cxd4 13. Bxe7 Nxe7 14. Qxd4 Rad8 15. Qc5 Qxc5 16. Nxc5 Bc8 17. Ne4 fxe5 18. Nd6 e4 19. Ng5 e3 20. fxe3 Nf5 21. Ngf7 Nxe3 22. Rf3 Nf5 23. Rxf5 exf5 24. Nxd8 Rxd8 25. Nxf5 g6 26. Nd6 Rf8 27. Re1 Ba6 28. Re7 Rd8 29. Kf2 h6 30. Ke3 Kf8 31. Rf7+ Kg8 32. Kd4 Bc8 33. Ke5 Ba6 34. Kf6 1-0

[Event "Mecklenburg VP VL 1516"]
[Site "Mecklenburg VP"]
[Date "2015.11.15"]
[Round "3.7"]
[White "Ramp, Oliver"]
[Black "Winkler, Karl"]
[Result "1/2-1/2"]
[WhiteElo "1791"]
[BlackElo "1863"]
[PlyCount "31"]
[EventDate "2015.09.20"]
[EventType "team-tourn"]
[EventRounds "9"]
[EventCountry "GER"]
[SourceTitle "EXT 2022"]
[Source "ChessBase"]
[SourceDate "2021.10.06"]
[SourceVersion "1"]
[SourceVersionDate "2021.10.06"]
[SourceQuality "1"]
[WhiteTeam "Guestrow/Teterow"]
[BlackTeam "Neubrandenburg SG Eintracht"]
[WhiteTeamCountry "GER"]
[BlackTeamCountry "GER"]

1. e4 e5 2. Nf3 Nc6 3. Bc4 Bc5 4. 0-0 Nf6 5. d3 h6 6. c3 0-0 7. b4 Bd6 8. h3 a6 9. a4 Be7 10. Re1 d6 11. Bb2 Bd7 12. Nbd2 Qc8 13. Nf1 Be6 14. Ne3 Bxc4 15. Nxc4 b5 16. Ne3 1/2-1/2

[Event "Mecklenburg VP VL 1415"]
[Site "Mecklenburg VP"]
[Date "2015.02.22"]
[Round "6.7"]
[White "Ramp, Oliver"]
[Black "Wagner, Swenja"]
[Result "1-0"]
[WhiteElo "1806"]
[BlackElo "1491"]
[PlyCount "83"]
[EventDate "2014.09.21"]
[EventType "team-tourn"]
[EventRounds "9"]
[EventCountry "GER"]
[SourceTitle "EXT 2022"]
[Source "ChessBase"]
[SourceDate "2021.10.06"]
[SourceVersion "1"]
[SourceVersionDate "2021.10.06"]
[SourceQuality "1"]
[WhiteTeam "Guestrow/Teterow"]
[BlackTeam "Gryps SV"]
[WhiteTeamCountry "GER"]
[BlackTeamCountry "GER"]

1. e4 e5 2. Nf3 Nc6 3. Bc4 Nf6 4. d3 Bc5 5. Bg5 d6 6. Nbd2 Bg4 7. c3 0-0 8. h3 Be6 9. 0-0 Kh8 10. b4 Bb6 11. Qb3 Qd7 12. Bxe6 fxe6 13. a4 a6 14. Nc4 Ba7 15. b5 axb5 16. axb5 Ne7 17. b6 Bxb6 18. Nxb6 cxb6 19. Qxb6 Qc6 20. Qb3 Qd7 21. Rxa8 Rxa8 22. Rb1 Rb8 23. Be3 Nc6 24. Qb5 d5 25. Bg5 h6 26. Be3 g5 27. c4 Kg8 28. Bd2 Nd4 29. Nxd4 exd4 30. exd5 Qxb5 31. Rxb5 e5 32. h4 Nh7 33. hxg5 Nxg5 34. Bxg5 hxg5 35. d6 e4 36. Rxg5+ Kf7 37. dxe4 Ke6 38. Rd5 Rd8 39. Kf1 Rxd6 40. Rxd6+ Kxd6 41. Ke2 Kc5 42. Kd3 1-0

[Event "Mecklenburg VP VL 1314"]
[Site "Mecklenburg VP"]
[Date "2014.02.23"]
[Round "6.7"]
[White "Schroeder, Christian"]
[Black "Ramp, Oliver"]
[Result "1-0"]
[WhiteElo "1879"]
[BlackElo "1808"]
[PlyCount "113"]
[EventDate "2013.10.20"]
[EventType "team-tourn"]
[EventRounds "9"]
[EventCountry "GER"]
[SourceTitle "EXT 2022"]
[Source "ChessBase"]
[SourceDate "2021.10.06"]
[SourceVersion "1"]
[SourceVersionDate "2021.10.06"]
[SourceQuality "1"]
[WhiteTeam "Rostock HSG Uni"]
[BlackTeam "Guestrow/Teterow"]
[WhiteTeamCountry "GER"]
[BlackTeamCountry "GER"]

1. c4 e5 2. g3 Nf6 3. Bg2 d5 4. cxd5 Nxd5 5. Nc3 Nb6 6. d3 Nc6 7. Nf3 Be7 8. 0-0 Be6 9. Be3 0-0 10. Qd2 Qd7 11. Ng5 Bxg5 12. Bxg5 Bh3 13. Be3 Bxg2 14. Kxg2 Rad8 15. Bc5 Rfe8 16. Bxb6 axb6 17. f3 f5 18. Qd1 Nd4 19. e3 Ne6 20. Qb3 Kh8 21. Rad1 Nc5 22. Qc2 Nxd3 23. e4 f4 24. Nd5 c6 25. Rxd3 cxd5 26. Rxd5 Qf7 27. Rfd1 Rc8 28. Qxc8 Rxc8 29. Rd8+ Qg8 30. Rxg8+ Kxg8 31. Rd2 Kf7 32. gxf4 exf4 33. Kh3 Ke6 34. Kg4 Rf8 35. Rd5 Rf6 36. Rb5 Ke7 37. Rf5 Rg6+ 38. Kxf4 Rg2 39. Rb5 Rxh2 40. Rxb6 h5 41. Rxb7+ Kf6 42. e5+ Ke6 43. Rb6+ Kf7 44. Kg3 Re2 45. f4 Re4 46. b4 h4+ 47. Kxh4 Rxf4+ 48. Kg5 Re4 49. Kf5 Re2 50. Rb7+ Kf8 51. Ke6 g5 52. Kf5 Rxa2 53. Kxg5 Rg2+ 54. Kf6 Rf2+ 55. Ke6 Rh2 56. Rb8+ Kg7 57. b5 1-0

[Event "Mecklenburg VP VL 1314"]
[Site "Mecklenburg VP"]
[Date "2013.11.10"]
[Round "2.5"]
[White "Ramp, Oliver"]
[Black "Stiegler, Maik"]
[Result "1-0"]
[WhiteElo "1808"]
[BlackElo "1897"]
[PlyCount "110"]
[EventDate "2013.10.20"]
[EventType "team-tourn"]
[EventRounds "9"]
[EventCountry "GER"]
[SourceTitle "EXT 2022"]
[Source "ChessBase"]
[SourceDate "2021.10.06"]
[SourceVersion "1"]
[SourceVersionDate "2021.10.06"]
[SourceQuality "1"]
[WhiteTeam "Guestrow/Teterow"]
[BlackTeam "Grevesmuehlen Blau Weiss"]
[WhiteTeamCountry "GER"]
[BlackTeamCountry "GER"]

1. e4 c5 2. Nf3 Nc6 3. d4 cxd4 4. Nxd4 d6 5. Nc3 Nf6 6. Be3 g6 7. f3 Bg7 8. Qd2 Bd7 9. Nxc6 bxc6 10. Bh6 0-0 11. h4 Rb8 12. h5 Rxb2 13. hxg6 fxg6 14. Bc4+ e6 15. Bxg7 Kxg7 16. Bb3 Qa5 17. Na4 Qxd2+ 18. Kxd2 Rxb3 19. axb3 Rf7 20. Nb2 Bc8 21. Nc4 Rd7 22. Rhd1 d5 23. Ne5 Rc7 24. Ke3 a6 25. Ra5 c5 26. Nd3 c4 27. Rc5 Rxc5 28. Nxc5 cxb3 29. cxb3 Kf7 30. Ra1 dxe4 31. fxe4 Ng4+ 32. Kf4 e5+ 33. Kf3 h5 34. Nxa6 Bd7 35. Nc5 Bb5 36. Ra7+ Kf6 37. Rb7 Bf1 38. Rb6+ Kg5 39. g3 Bh3 40. Ne6+ Kh6 41. Nf8 Kg7 42. Nxg6 Nh2+ 43. Ke2 Bg4+ 44. Kf2 Nf3 45. b4 Nd2 46. Nxe5 Nxe4+ 47. Ke3 Nxg3 48. Nxg4 hxg4 49. Kf4 Ne2+ 50. Kxg4 Kf7 51. Kf5 Nc3 52. Ke5 Ke7 53. Rb7+ Kd8 54. Kd6 Ne4+ 55. Kc6 Nc3 1-0

[Event "Mecklenburg VP LL2 Ost 1011"]
[Site "Mecklenburg VP"]
[Date "2011.01.16"]
[Round "5.5"]
[White "Nickel, Reimo"]
[Black "Ramp, Oliver"]
[Result "1/2-1/2"]
[WhiteElo "1759"]
[BlackElo "1792"]
[PlyCount "48"]
[EventDate "2010.10.10"]
[EventType "team-tourn"]
[EventRounds "9"]
[EventCountry "GER"]
[SourceTitle "EXT 2022"]
[Source "ChessBase"]
[SourceDate "2021.10.06"]
[SourceVersion "1"]
[SourceVersionDate "2021.10.06"]
[SourceQuality "1"]
[WhiteTeam "Waterkant Saal SV"]
[BlackTeam "Guestrow/Teterow"]
[WhiteTeamCountry "GER"]
[BlackTeamCountry "GER"]

1. d4 c5 2. d5 d6 3. c4 e6 4. e4 exd5 5. exd5 g6 6. Qe2+ Qe7 7. Bd2 Bg7 8. Qxe7+ Nxe7 9. Bc3 0-0 10. Bxg7 Kxg7 11. Nc3 a6 12. Nf3 Nd7 13. Bd3 Nf6 14. 0-0 Bf5 15. Bxf5 Nxf5 16. Rfe1 Rfe8 17. Kf1 Rab8 18. h3 h5 19. a4 Kf8 20. Rad1 Rxe1+ 21. Rxe1 Re8 22. Rxe8+ Kxe8 23. Ke2 Ke7 24. Kd3 Ng7 1/2-1/2

[Event "Mecklenburg VP-ch"]
[Site "Nakenstorf"]
[Date "2010.04.03"]
[Round "6.10"]
[White "Ramp, Oliver"]
[Black "Schwetlick, Thomas"]
[Result "1/2-1/2"]
[WhiteElo "1794"]
[BlackElo "2032"]
[PlyCount "36"]
[EventDate "2010.04.01"]
[EventType "swiss"]
[EventRounds "9"]
[EventCountry "GER"]
[SourceTitle "EXT 2022"]
[Source "ChessBase"]
[SourceDate "2021.10.06"]
[SourceVersion "1"]
[SourceVersionDate "2021.10.06"]
[SourceQuality "1"]

1. e4 e5 2. Nf3 Nc6 3. d4 exd4 4. Bc4 Nf6 5. e5 d5 6. Bb5 Ne4 7. Nxd4 Bd7 8. Bxc6 bxc6 9. 0-0 Bc5 10. f3 Ng5 11. f4 Ne4 12. Be3 Bb6 13. Nc3 Nxc3 14. bxc3 0-0 15. Qd2 Qe7 16. Qf2 f6 17. e6 Bxd4 18. Bxd4 Qxe6 1/2-1/2

[Event "Mecklenburg VP-ch"]
[Site "Nakenstorf"]
[Date "2010.04.02"]
[Round "4.11"]
[White "Ramp, Oliver"]
[Black "Dittrich, Carsten"]
[Result "1/2-1/2"]
[WhiteElo "1794"]
[BlackElo "1974"]
[PlyCount "27"]
[EventDate "2010.04.01"]
[EventType "swiss"]
[EventRounds "9"]
[EventCountry "GER"]
[SourceTitle "EXT 2022"]
[Source "ChessBase"]
[SourceDate "2021.10.06"]
[SourceVersion "1"]
[SourceVersionDate "2021.10.06"]
[SourceQuality "1"]

1. e4 c6 2. d4 d6 3. Nf3 Bg4 4. Be2 Qc7 5. c4 Bxf3 6. Bxf3 e5 7. Nc3 Nf6 8. d5 Nbd7 9. Be3 Be7 10. 0-0 0-0 11. Qd2 Rfe8 12. b4 a6 13. Rfc1 c5 14. b5 1/2-1/2

[Event "Mecklenburg VP-ch"]
[Site "Nakenstorf"]
[Date "2010.04.01"]
[Round "1.8"]
[White "Voelschow, Siegfried"]
[Black "Ramp, Oliver"]
[Result "1/2-1/2"]
[WhiteElo "2113"]
[BlackElo "1794"]
[PlyCount "42"]
[EventDate "2010.04.01"]
[EventType "swiss"]
[EventRounds "9"]
[EventCountry "GER"]
[SourceTitle "EXT 2022"]
[Source "ChessBase"]
[SourceDate "2021.10.06"]
[SourceVersion "1"]
[SourceVersionDate "2021.10.06"]
[SourceQuality "1"]

1. e4 c5 2. c3 d5 3. exd5 Qxd5 4. d4 Nf6 5. Nf3 Bg4 6. Nbd2 cxd4 7. cxd4 e6 8. Qa4+ Nc6 9. Bc4 Qa5 10. Qxa5 Nxa5 11. Bb5+ Nc6 12. Ne5 Rc8 13. 0-0 Bd6 14. Ndc4 Bc7 15. Bg5 Be2 16. Rfc1 Bxc4 17. Rxc4 Bxe5 18. dxe5 Nd5 19. Rac1 Kd7 20. Rc5 a6 21. Bxc6+ Rxc6 1/2-1/2

[Event "Mecklenburg VP LL2 Ost 0910"]
[Site "Mecklenburg VP"]
[Date "2009.11.29"]
[Round "3.5"]
[White "Ramp, Oliver"]
[Black "Rosin, Ralf"]
[Result "1/2-1/2"]
[WhiteElo "1787"]
[BlackElo "1769"]
[PlyCount "52"]
[EventDate "2009.10.18"]
[EventType "team-tourn"]
[EventRounds "9"]
[EventCountry "GER"]
[SourceTitle "EXT 2016"]
[Source "ChessBase"]
[SourceDate "2015.10.08"]
[SourceVersion "1"]
[SourceVersionDate "2015.10.08"]
[SourceQuality "1"]
[WhiteTeam "Guestrow/Teterow"]
[BlackTeam "Pasewalk"]
[WhiteTeamCountry "GER"]
[BlackTeamCountry "GER"]

1. e4 e6 2. d4 d5 3. exd5 exd5 4. Bd3 Bd6 5. Ne2 Nf6 6. Bf4 Nc6 7. c3 Bg4 8. f3 Bh5 9. Nd2 Bxf4 10. Nxf4 Qe7+ 11. Qe2 Qxe2+ 12. Kxe2 0-0-0 13. Rhe1 Bg6 14. Kf2 Rhe8 15. Bb5 Bf5 16. Nb3 g5 17. Nd3 Bxd3 18. Bxd3 b6 19. Bf5+ Kb7 20. Rxe8 Rxe8 21. Nc1 Ne7 22. Bc2 Nd7 23. Nd3 Ng6 24. g3 h5 25. Nb4 c6 26. Bxg6 fxg6 1/2-1/2

[Event "Mecklenburg VP LL2 Ost 0809"]
[Site "Mecklenburg VP"]
[Date "2008.12.14"]
[Round "4.5"]
[White "Ramp, Oliver"]
[Black "Otto, Martin"]
[Result "1/2-1/2"]
[WhiteElo "1733"]
[BlackElo "1782"]
[PlyCount "33"]
[EventDate "2008.09.28"]
[EventType "team-tourn"]
[EventRounds "9"]
[EventCountry "GER"]
[SourceTitle "EXT 2022"]
[Source "ChessBase"]
[SourceDate "2021.10.06"]
[SourceVersion "1"]
[SourceVersionDate "2021.10.06"]
[SourceQuality "1"]
[WhiteTeam "Guestrow/Teterow"]
[BlackTeam "Torgelow Droegeheide"]
[WhiteTeamCountry "GER"]
[BlackTeamCountry "GER"]

1. e4 e6 2. d4 d5 3. exd5 exd5 4. Bd3 Nc6 5. c3 Nf6 6. Ne2 Bg4 7. 0-0 Qd7 8. a4 Bd6 9. f3 Bf5 10. Bf4 0-0-0 11. Bxd6 Bxd3 12. Qxd3 Qxd6 13. b4 Rhe8 14. Na3 Re7 15. Nc2 Rde8 16. Rfe1 g6 17. Ng3 1/2-1/2

[Event "Mecklenburg VP LL2 Ost 0809"]
[Site "Mecklenburg VP"]
[Date "2008.11.30"]
[Round "3.5"]
[White "Ramp, Oliver"]
[Black "Wegner, Michael"]
[Result "1-0"]
[WhiteElo "1733"]
[BlackElo "1749"]
[PlyCount "105"]
[EventDate "2008.09.28"]
[EventType "team-tourn"]
[EventRounds "9"]
[EventCountry "GER"]
[SourceTitle "EXT 2022"]
[Source "ChessBase"]
[SourceDate "2021.10.06"]
[SourceVersion "1"]
[SourceVersionDate "2021.10.06"]
[SourceQuality "1"]
[WhiteTeam "Guestrow/Teterow"]
[BlackTeam "Rostock SSC 07 III"]
[WhiteTeamCountry "GER"]
[BlackTeamCountry "GER"]

1. e4 e5 2. Nf3 d6 3. d4 exd4 4. Nxd4 Nf6 5. Nc3 Be7 6. Be2 0-0 7. Be3 Bd7 8. f3 Nc6 9. Qd2 a6 10. g4 b5 11. g5 Ne8 12. h4 Ne5 13. f4 Ng4 14. 0-0-0 c5 15. Nf5 Nxe3 16. Nxe3 Qa5 17. Kb1 Bc6 18. Ncd5 Qd8 19. h5 a5 20. Rdg1 Kh8 21. Qc3 b4 22. Qd2 Ra7 23. Bc4 f6 24. g6 h6 25. f5 Nc7 26. Ng4 Bxd5 27. Bxd5 Nxd5 28. exd5 Qc8 29. Nxh6 Bd8 30. Nf7+ Raxf7 31. gxf7 Qxf5 32. h6 g6 33. Qg2 Rxf7 34. Qxg6 Qxg6 35. Rxg6 Kh7 36. Rhg1 Rf8 37. Kc1 Re8 38. Rg7+ Kh8 39. Rd7 Be7 40. Rg7 Bf8 41. Rgf7 Bxh6+ 42. Kd1 Bg5 43. Rxd6 Kg8 44. Ra7 c4 45. Rxa5 Kf7 46. Ra7+ Kg6 47. Re6 Rd8 48. Ra4 c3 49. bxc3 bxc3 50. Rc6 Bd2 51. Ke2 Kf5 52. d6 Ke5 53. Rac4 1-0

[Event "Mecklenburg VP-ch"]
[Site "Nakenstorf"]
[Date "2008.03.23"]
[Round "8.8"]
[White "Ramp, Oliver"]
[Black "Stubbe, Wilko"]
[Result "0-1"]
[WhiteElo "1650"]
[BlackElo "2081"]
[PlyCount "116"]
[EventDate "2008.03.20"]
[EventType "swiss"]
[EventRounds "9"]
[EventCountry "GER"]
[SourceTitle "EXT 2022"]
[Source "ChessBase"]
[SourceDate "2021.10.06"]
[SourceVersion "1"]
[SourceVersionDate "2021.10.06"]
[SourceQuality "1"]

1. e4 e6 2. d4 d5 3. exd5 exd5 4. Bd3 c5 5. dxc5 Bxc5 6. Nf3 Ne7 7. 0-0 Nbc6 8. c3 Bg4 9. h3 Be6 10. Re1 Qd6 11. Be3 h6 12. Bxc5 Qxc5 13. Nbd2 0-0-0 14. Nb3 Qd6 15. Nbd4 g5 16. Nxe6 fxe6 17. Nd4 e5 18. Nxc6 Nxc6 19. c4 Rhf8 20. cxd5 Qxd5 21. Be4 Qxd1 22. Raxd1 Rxd1 23. Rxd1 Rd8 24. Rc1 Kc7 25. Bxc6 bxc6 26. Rc2 a5 27. Kf1 Rd4 28. Ke2 a4 29. Ke3 Kd6 30. Kf3 h5 31. Ke3 Kd5 32. f3 c5 33. Rc3 h4 34. Ke2 Rb4 35. Rc2 Rd4 36. Rc3 e4 37. fxe4+ Rxe4+ 38. Kd2 Rf4 39. Ke2 Rb4 40. Rc2 Kd4 41. Rd2+ Ke4 42. Rc2 Kd4 43. Rd2+ Kc4 44. Rc2+ Kb5 45. Kd3 g4 46. hxg4 Rxg4 47. Re2 Rg3+ 48. Kc2 Rg4 49. Kd3 Rf4 50. Re4 c4+ 51. Kd4 Rxe4+ 52. Kxe4 Kc5 53. Ke3 Kd5 54. Kf2 Kd4 55. Ke2 Ke4 56. Kd2 Kf4 57. Ke2 Kg3 58. Kf1 a3 0-1

[Event "Mecklenburg VP-ch"]
[Site "Nakenstorf"]
[Date "2008.03.22"]
[Round "5"]
[White "Roehl, Rainer"]
[Black "Ramp, Oliver"]
[Result "1-0"]
[WhiteElo "2170"]
[BlackElo "1650"]
[PlyCount "55"]
[EventDate "2008.03.20"]
[EventType "swiss"]
[EventRounds "9"]
[EventCountry "GER"]
[SourceTitle "EXT 2010"]
[Source "ChessBase"]
[SourceDate "2010.11.25"]
[SourceVersion "1"]
[SourceVersionDate "2010.11.25"]
[SourceQuality "1"]

1. d4 e6 2. Nf3 b6 3. e4 Bb7 4. Bd3 Nf6 5. Qe2 d6 6. c4 Be7 7. Nc3 c5 8. d5 e5 9. 0-0 0-0 10. Ne1 Na6 11. f4 Nd7 12. f5 Bg5 13. Qh5 Bxc1 14. Rxc1 Nc7 15. g4 g6 16. Qh6 Qf6 17. g5 Qg7 18. Qh4 gxf5 19. exf5 h6 20. f6 Qxg5+ 21. Qxg5+ hxg5 22. Ne4 Bxd5 23. cxd5 Nxd5 24. Bb5 Rad8 25. Rf5 Kh7 26. Ng2 Nf4 27. Nxf4 gxf4 28. Rh5+ 1-0

[Event "Mecklenburg VP LL1 0607"]
[Site "Mecklenburg VP"]
[Date "2007.02.25"]
[Round "6.7"]
[White "Gruenwald, Andreas"]
[Black "Ramp, Oliver"]
[Result "1-0"]
[WhiteElo "1749"]
[BlackElo "1676"]
[PlyCount "54"]
[EventDate "2006.10.15"]
[EventType "team"]
[EventRounds "9"]
[EventCountry "GER"]
[SourceTitle "EXT 2008"]
[Source "ChessBase"]
[SourceDate "2007.11.25"]
[SourceVersion "1"]
[SourceVersionDate "2007.11.25"]
[SourceQuality "1"]
[WhiteTeam "Waren"]
[BlackTeam "Guestrow/Teterow"]
[WhiteTeamCountry "GER"]
[BlackTeamCountry "GER"]

1. e4 c5 2. Nf3 e6 3. d4 cxd4 4. Nxd4 Nf6 5. Nc3 Nc6 6. Be3 Be7 7. Bd3 a6 8. 0-0 Qc7 9. f4 0-0 10. e5 Ne8 11. Nxc6 bxc6 12. Bxh7+ Kxh7 13. Qh5+ Kg8 14. Rf3 f5 15. Rh3 Nf6 16. exf6 Bxf6 17. Rd1 c5 18. Qg6 d5 19. Ne2 a5 20. c3 Ba6 21. Ng3 d4 22. cxd4 cxd4 23. Rc1 Qb8 24. Nh5 dxe3 25. Rg3 Qxb2 26. Qh7+ Kf7 27. Rxg7+ Ke8 1-0

[Event "Mecklenburg VP LL2 0506"]
[Site "Mecklenburg VP"]
[Date "2006.04.02"]
[Round "9.4"]
[White "Stiegler, Maik"]
[Black "Ramp, Oliver"]
[Result "1-0"]
[WhiteElo "1909"]
[BlackElo "1619"]
[PlyCount "111"]
[EventDate "2005.10.23"]
[EventType "team"]
[EventRounds "9"]
[EventCountry "GER"]
[SourceTitle "EXT 2009"]
[Source "ChessBase"]
[SourceDate "2008.11.26"]
[SourceVersion "1"]
[SourceVersionDate "2008.11.26"]
[SourceQuality "1"]
[WhiteTeam "Grevesmuehlen Blau Weiss"]
[BlackTeam "Guestrow/Teterow"]
[WhiteTeamCountry "GER"]
[BlackTeamCountry "GER"]

1. d4 Nf6 2. c4 e5 3. d5 Bb4+ 4. Bd2 Bxd2+ 5. Nxd2 d6 6. e4 Nbd7 7. Bd3 Nc5 8. Bc2 a5 9. Ne2 Bd7 10. 0-0 0-0 11. h3 Re8 12. Ng3 b5 13. b3 bxc4 14. bxc4 Rb8 15. Nb3 Nxb3 16. axb3 Ra8 17. Qd2 Qc8 18. Kh2 Qa6 19. Ra3 Ra7 20. Rfa1 a4 21. Qc3 Qb6 22. f3 Rea8 23. bxa4 Qa5 24. Qxa5 Rxa5 25. Rb1 R5a7 26. Ne2 Kf8 27. Nc3 Ne8 28. g4 Ke7 29. Kg3 g5 30. Nb5 Ra5 31. Rc3 Rb8 32. Kf2 h6 33. Ke3 Kd8 34. h4 Ke7 35. Rh1 Kf6 36. hxg5+ hxg5 37. Bb3 Kg6 38. Rc2 Bxb5 39. cxb5 Raa8 40. Kd3 Ra5 41. Kc4 Kg7 42. Kb4 Rba8 43. Rh5 Kf6 44. Rh8 Ke7 45. Rch2 Nf6 46. Rxa8 Rxa8 47. Rc2 Ra7 48. a5 Nd7 49. Rc6 Rb7 50. Bc4 Nb8 51. a6 Ra7 52. Ka5 Nd7 53. b6 cxb6+ 54. Rxb6 Nc5 55. Rc6 Nd7 56. Bb5 1-0